[Event "Zuerich Seniors op 08th"]
[Site "Zuerich"]
[Date "2010.01.26"]
[Round "2"]
[White "Feige, Joachim"]
[Black "Reiss, Siegfried"]
[Result "0-1"]
[WhiteElo "1677"]
[BlackElo "2015"]
[PlyCount "49"]
[EventDate "2010.01.25"]
[EventType "swiss"]
[EventRounds "9"]
[EventCountry "SUI"]
[SourceTitle "EXT 2022"]
[Source "ChessBase"]
[SourceDate "2021.10.06"]
[SourceVersion "1"]
[SourceVersionDate "2021.10.06"]
[SourceQuality "1"]

1. e4 c5 2. Nc3 a6 3. a3 e6 4. Nf3 b5 5. b3 Bb7 6. d3 d5 7. exd5 exd5 8. d4 Nf6 9. Bg5 Nbd7 10. Be2 Be7 11. 0-0 0-0 12. Re1 Rc8 13. Na2 cxd4 14. Nxd4 Bxa3 15. b4 Bb2 16. Rb1 Bxd4 17. Qxd4 Rxc2 18. Nc3 Qc7 19. Rec1 Rxc1+ 20. Rxc1 Qd6 21. Bf3 Ne5 22. Be2 Rc8 23. Bf4 Nc6 24. Qd2 Qxb4 25. Qc2 0-1